Loading...
Fine Arts - Classical Music | 0 | 8 | 2 | 2 | 70 | 58 | 109.50 | 0 | 0 |
Fine Arts - Other Fine Arts | 0 | 5 | 0 | 1 | 50 | 97 | 120.60 | 0 | 0 |
Social Science | 0 | 3 | 0 | 0 | 30 | 97 | 125.67 | 0 | 0 |
History - European History | 0 | 3 | 0 | 0 | 30 | 71 | 111.33 | 0 | 0 |
Science - Chemistry | 0 | 2 | 0 | 2 | 20 | 134 | 135.50 | 0 | 0 |
Mythology | 0 | 2 | 0 | 0 | 20 | 110 | 118.00 | 0 | 1 |
Science - Other Science | 0 | 2 | 0 | 1 | 20 | 112 | 128.00 | 0 | 0 |
History - World History | 0 | 2 | 1 | 0 | 15 | 131 | 137.00 | 0 | 0 |
Fine Arts - Painting & Sculpture | 0 | 2 | 1 | 0 | 15 | 115 | 131.00 | 0 | 0 |
History - Other History | 0 | 2 | 1 | 0 | 15 | 69 | 70.00 | 0 | 0 |
Religion | 0 | 1 | 0 | 0 | 10 | 109 | 109.00 | 0 | 0 |
Current Events | 0 | 1 | 0 | 1 | 10 | 142 | 142.00 | 0 | 0 |
History - American History | 0 | 1 | 0 | 0 | 10 | 127 | 127.00 | 0 | 0 |
Geography | 0 | 1 | 0 | 0 | 10 | 101 | 101.00 | 0 | 0 |
Literature - American Literature | 0 | 0 | 1 | 0 | -5 | 0.00 | 0 | 0 | |
Philosophy | 0 | 0 | 1 | 0 | -5 | 0.00 | 0 | 0 |